000
00327 a2200157 4500
003
Nust
005
20230128133813.0
040
_c
Nust
082
_a
920AUS
100
_a
Austen , Jane
245
_a
EMMA /
_c
Jane Austen
260
_a
London
_b
Collins
300
_a
380:p
650
_a
jane Austen
_9
108004
942
_2
ddc
_c
BK
999
_c
187039
_d
187039